| 000 | 00531nam a2200205Ia 4500 | ||
|---|---|---|---|
| 005 | 20260429112140.0 | ||
| 008 | 260429s9999||||xx |||||||||||||| ||und|| | ||
| 020 | _a9781032599267 | ||
| 041 | _aEnglish | ||
| 082 |
_a622.1 _bNWA |
||
| 100 | _aNwaila, Glen | ||
| 245 | 0 |
_aGeostatistics notes for practitioners / _cGlen Nwaila |
|
| 250 | _a1st ed. | ||
| 260 |
_aBoca Raton : _bCRC Press, _c2025. |
||
| 300 | _axl, 264 p.; hb | ||
| 650 | _aGeostatistics | ||
| 700 | _a Burnett, Mark | ||
| 700 | _a Tolmay, Leon | ||
| 942 | _cTB | ||
| 999 |
_c52602 _d52602 |
||